[Event "Groningen op-B 57th"]
[Site "Groningen"]
[Date "2019.12.28"]
[Round "7"]
[White "Blom, Yeb"]
[Black "Pompstra, Henk"]
[Result "1-0"]
[WhiteElo "1917"]
[BlackElo "1715"]
[PlyCount "52"]
[EventDate "2019.12.21"]
[EventType "swiss"]
[EventRounds "9"]
[EventCountry "NED"]
[SourceTitle "CBM 194 Extra"]
[Source "ChessBase"]
[SourceDate "2020.03.31"]
[SourceVersion "1"]
[SourceVersionDate "2020.03.31"]
[SourceQuality "1"]

1. c4 Nf6 2. Nc3 c6 3. Nf3 g6 4. e4 Bg7 5. d4 0-0 6. Be2 d6 7. 0-0 Re8 8. h3 Qc7 9. Be3 e5 10. dxe5 dxe5 11. Nd2 Be6 12. Qa4 Qc8 13. Kh2 Na6 14. b4 Nd7 15. c5 b5 16. Qa3 f5 17. f3 Nc7 18. Nb3 Re7 19. Bg5 Rf7 20. Rad1 h6 21. exf5 Rxf5 22. Be3 Nd5 23. Nxd5 cxd5 24. Bxb5 Nf6 25. Qa6 e4 26. Nd4 Ne8 1-0

[Event "Groningen op-B 55th"]
[Site "Groningen"]
[Date "2017.12.29"]
[Round "8"]
[White "Pompstra, Henk"]
[Black "Abma, Klaas"]
[Result "0-1"]
[WhiteElo "1772"]
[BlackElo "1945"]
[PlyCount "66"]
[EventDate "2017.12.22"]
[EventType "swiss"]
[EventRounds "9"]
[EventCountry "NED"]
[SourceTitle "CBM 182 Extra"]
[Source "ChessBase"]
[SourceDate "2018.02.23"]
[SourceVersion "1"]
[SourceVersionDate "2018.02.23"]
[SourceQuality "1"]

1. d4 e6 2. Bf4 f5 3. e4 fxe4 4. Qh5+ g6 5. Qe5 Nf6 6. Qxc7 Qxc7 7. Bxc7 Nc6 8. Bg3 Bg7 9. c3 0-0 10. Na3 d5 11. Nb5 Ne8 12. h4 a6 13. Nd6 Nxd6 14. Bxd6 Rf7 15. h5 e5 16. hxg6 hxg6 17. dxe5 Nxe5 18. 0-0-0 Be6 19. f4 Rxf4 20. Nh3 Rf5 21. Be2 Rd8 22. Bxe5 Bxe5 23. Bg4 Rf6 24. Bxe6+ Rxe6 25. Kd2 Rb6 26. b3 Rc6 27. c4 dxc4+ 28. Ke3 Rxd1 29. Rxd1 c3 30. Rc1 c2 31. Kd2 e3+ 32. Kd3 e2 33. Kd2 Bb2 0-1

[Event "Groningen op-B 55th"]
[Site "Groningen"]
[Date "2017.12.27"]
[Round "6"]
[White "Pompstra, Henk"]
[Black "Haan, Gertjan"]
[Result "1/2-1/2"]
[WhiteElo "1772"]
[BlackElo "1830"]
[PlyCount "68"]
[EventDate "2017.12.22"]
[EventType "swiss"]
[EventRounds "9"]
[EventCountry "NED"]
[SourceTitle "CBM 182 Extra"]
[Source "ChessBase"]
[SourceDate "2018.02.23"]
[SourceVersion "1"]
[SourceVersionDate "2018.02.23"]
[SourceQuality "1"]

1. d4 Nf6 2. Bg5 d5 3. e3 e6 4. Bd3 Nbd7 5. Nf3 Bd6 6. Nbd2 h6 7. Bh4 0-0 8. c3 Re8 9. Bg3 e5 10. dxe5 Nxe5 11. Nxe5 Bxe5 12. Bxe5 Rxe5 13. Nf3 Re8 14. Nd4 c5 15. Nf5 d4 16. 0-0 Bxf5 17. Bxf5 dxe3 18. fxe3 Qxd1 19. Raxd1 Rxe3 20. Rfe1 Rxe1+ 21. Rxe1 Kf8 22. Kf2 Rd8 23. Re2 Re8 24. Rxe8+ Kxe8 25. h3 Ke7 26. Bc8 Ne4+ 27. Ke2 Nd6 28. Bg4 Kf6 29. Kd3 Ke5 30. Bf3 f5 31. c4 Kf4 32. Bd5 Kg3 33. b4 b6 34. bxc5 bxc5 1/2-1/2

[Event "Groningen op-B"]
[Site "Groningen"]
[Date "2008.12.28"]
[Round "7"]
[White "Pompstra, Henk"]
[Black "Wielenga, Wiebe"]
[Result "1-0"]
[WhiteElo "1708"]
[BlackElo "2071"]
[PlyCount "49"]
[EventDate "2008.12.21"]
[EventType "swiss"]
[EventRounds "9"]
[EventCountry "NED"]
[SourceTitle "CBM 127 Extra"]
[Source "ChessBase"]
[SourceDate "2009.01.08"]
[SourceVersion "2"]
[SourceVersionDate "2009.01.28"]
[SourceQuality "1"]

1. e4 e5 2. Nf3 Nc6 3. Nc3 Nf6 4. g3 d6 5. h3 g6 6. Bg2 Bg7 7. 0-0 0-0 8. d4 exd4 9. Nxd4 Bd7 10. Nde2 Re8 11. f4 Rb8 12. Rb1 b5 13. b4 a5 14. a3 axb4 15. axb4 Na7 16. Be3 Nc8 17. Bd4 Nh5 18. g4 Bxd4+ 19. Qxd4 Ng7 20. Nd5 Re6 21. f5 Re5 22. fxg6 f6 23. Nxf6+ Kh8 24. Nxd7 Ne6 25. Nxe5 1-0